Principles of CMOS VLSI design (Record no. 2744)

000 -LEADER
fixed length control field 00701nam a2200229 a 4500
001 - CONTROL NUMBER
control field 2744
003 - CONTROL NUMBER IDENTIFIER
control field BD-DhUET
008 - FIXED-LENGTH DATA ELEMENTS--GENERAL INFORMATION
fixed length control field 920421s1993 mauaf b 001 0 eng
020 ## - INTERNATIONAL STANDARD BOOK NUMBER
International Standard Book Number 0201533766
040 ## - CATALOGING SOURCE
Original cataloging agency DLC
Transcribing agency DLC
Modifying agency BD-DhUET
082 00 - DEWEY DECIMAL CLASSIFICATION NUMBER
Classification number 623.8173
Item number WES/1992
100 1# - MAIN ENTRY--PERSONAL NAME
Personal name Weste, Neil H. E.
245 10 - TITLE STATEMENT
Title Principles of CMOS VLSI design
Remainder of title a systems perspective
Statement of responsibility, etc. by Neil H.E. Weste and Kamran Eshraghian
250 ## - EDITION STATEMENT
Edition statement 2nd ed.
260 ## - PUBLICATION, DISTRIBUTION, ETC. (IMPRINT)
Place of publication, distribution, etc. New York
Name of publisher, distributor, etc. Addison-Wesley Publishing
Date of publication, distribution, etc. 1993
300 ## - PHYSICAL DESCRIPTION
Extent xxii, 713 p.
490 ## - SERIES STATEMENT
Series statement The VLSI system series
504 ## - BIBLIOGRAPHY, ETC. NOTE
Bibliography, etc Includes bibliographies
650 #0 - SUBJECT ADDED ENTRY--TOPICAL TERM
Topical term or geographic name as entry element Integrated circuits- VLSI-Design and construction
700 ## - ADDED ENTRY--PERSONAL NAME
Personal name Eshraghian, Kamran
942 ## - ADDED ENTRY ELEMENTS (KOHA)
Koha item type General Book
Holdings
Withdrawn status Price effective from Source of classification or shelving scheme Date acquired Copy number Shelving location Koha normalized classification for sorting Koha date last seen Location (home branch) Sublocation or collection (holding branch) Koha item type Piece designation (barcode) Koha date last borrowed Not for loan Koha issues (times borrowed) Damaged status Lost status Koha full call number
 2014-09-30 2014-09-301Circulation section623_817300000000000_WES_19932014-09-30Central Library, BUETCentral Library, BUETGeneral Book107718     623.8173/WES/1993
 2014-09-30 2014-09-302Circulation section623_000000000000000_8173WES1992015-01-10Central Library, BUETCentral Library, BUETGeneral Book1078012014-12-13 1  623.8173/WES/1993
 2014-10-29 2014-10-293Circulation section623_000000000000000_8173WES1992014-10-29Central Library, BUETCentral Library, BUETGeneral Book91121     623.8173/WES/1993
 2014-10-29 2014-10-294Circulation section623_817300000000000_WES_19932014-10-29Central Library, BUETCentral Library, BUETGeneral Book91119     623.8173/WES/1993
 2014-11-01 2014-11-015Circulation section623_000000000000000_8173WES1992014-11-01Central Library, BUETCentral Library, BUETGeneral Book91120     623.8173/WES/1992
 2014-11-01 2014-11-016Circulation section623_000000000000000_8173WES1992018-08-27Central Library, BUETCentral Library, BUETGeneral Book911242018-08-14 1  623.8173/WES/1992
 2014-11-09 2014-11-097Circulation section623_000000000000000_8173WES1992017-01-01Central Library, BUETCentral Library, BUETGeneral Book91123     623.8173/WES/1993
 2015-07-02 2015-07-028Reading section623_817300000000000_WES_19932015-07-02Central Library, BUETCentral Library, BUETReading Item90588     623.8173/WES/1993
 2019-01-30 1997-04-289Circulation section623_817300000000000_WES_19932019-01-30Central Library, BUETCentral Library, BUETGeneral Book91122     623.8173/WES/1993